000
00243nam a22000857a 4500
008
161111b xxu||||| |||| 00| 0 eng d
100
_9
1132
_a
Bhattacharya
245
_a
Kit of Essential play materials teachers guide
260
_a
New Delhi
_b
NCERT
_c
2007
999
_c
3793
_d
3793